और वे चुप हो गए : (Record no. 113159)
[ view plain ]
| 000 -LEADER | |
|---|---|
| fixed length control field | 01132nam a22002777a 4500 |
| 003 - CONTROL NUMBER IDENTIFIER | |
| control field | dpl |
| 005 - DATE AND TIME OF LATEST TRANSACTION | |
| control field | 20180615170143.0 |
| 008 - FIXED-LENGTH DATA ELEMENTS--GENERAL INFORMATION | |
| fixed length control field | 161024b xxu||||| |||| 00| 0 eng d |
| 010 ## - LIBRARY OF CONGRESS CONTROL NUMBER | |
| LC control number | A-657044 |
| 020 ## - INTERNATIONAL STANDARD BOOK NUMBER | |
| Terms of availability | 30.00 |
| 035 ## - SYSTEM CONTROL NUMBER | |
| System control number | A-657044, A-657050 |
| 037 ## - SOURCE OF ACQUISITION | |
| Source of stock number/acquisition | Cen Lib/Ret |
| 040 ## - CATALOGING SOURCE | |
| Original cataloging agency | DPL |
| Language of cataloging | HN |
| Transcribing agency | 0 |
| 082 ## - DEWEY DECIMAL CLASSIFICATION NUMBER | |
| Classification number | के |
| Item number | सिन्हा |
| 100 ## - MAIN ENTRY--PERSONAL NAME | |
| Personal name | सिन्हा, अनिरुद्ध |
| 9 (RLIN) | 50940 |
| 245 ## - TITLE STATEMENT | |
| Title | और वे चुप हो गए : |
| Statement of responsibility, etc | अनिरुद्ध सिन्हा |
| Remainder of title | कहानी संग्रह / |
| 246 ## - VARYING FORM OF TITLE | |
| Title proper/short title | Aur ve chup ho gae : kanani sangreh / |
| Remainder of title | by Anirudh Sinha |
| 260 ## - PUBLICATION, DISTRIBUTION, ETC. (IMPRINT) | |
| Place of publication, distribution, etc | पटना |
| Name of publisher, distributor, etc | संजय प्रकाशन |
| Date of publication, distribution, etc | 1993 |
| 270 ## - ADDRESS | |
| City | पटना |
| Address | रामपुर डुमरा |
| Postal code | 803305 |
| 300 ## - PHYSICAL DESCRIPTION | |
| Extent | 89पृ. |
| Dimensions | 21सेमी(सजिल्द) |
| 650 ## - SUBJECT ADDED ENTRY--TOPICAL TERM | |
| Topical term or geographic name as entry element | हिंदी साहित्य |
| 9 (RLIN) | 50941 |
| 650 ## - SUBJECT ADDED ENTRY--TOPICAL TERM | |
| Topical term or geographic name as entry element | हिंदी साहित्य -- कहानियां |
| 9 (RLIN) | 42761 |
| 650 ## - SUBJECT ADDED ENTRY--TOPICAL TERM | |
| Topical term or geographic name as entry element | Hindi literature |
| 9 (RLIN) | 50942 |
| 650 ## - SUBJECT ADDED ENTRY--TOPICAL TERM | |
| Topical term or geographic name as entry element | Hindi literature -- Stories |
| 9 (RLIN) | 50943 |
| 942 ## - ADDED ENTRY ELEMENTS (KOHA) | |
| Source of classification or shelving scheme | Dewey Decimal Classification |
| Koha item type | Hindi Books |
| Classification part | के |
| Call number suffix | सिन्हा |
| Withdrawn status | Lost status | Damaged status | Not for loan | Home library | Current library | Date acquired | Source of acquisition | Cost, normal purchase price | Total Checkouts | Full call number | Barcode | Date last seen | Copy number | Cost, replacement price | Price effective from | Koha item type | Source of classification or shelving scheme | Collection code |
|---|---|---|---|---|---|---|---|---|---|---|---|---|---|---|---|---|---|---|
| Central Library | Central Library | 11/08/2015 | Cen Lib/Ret | 30.00 | के सिन्हा | A-657044 | 11/08/2015 | 1 | 30.00 | 11/08/2015 | Hindi Books | |||||||
| Shahdara Branch | Shahdara Branch | 15/06/2018 | BPPD/PUB | 30.00 | के सिन्हा | A-657050 | 15/06/2018 | 30.00 | 15/06/2018 | Hindi Books | Dewey Decimal Classification | Fiction |
